[Event "VIE-ch U09 Girls"]
[Site "Ho Chi Minh City"]
[Date "2014.07.14"]
[Round "3"]
[White "Dang, Thi Van Khanh"]
[Black "Tao, Minh Trang"]
[Result "1-0"]
[WhiteElo "1584"]
[BlackElo "1550"]
[PlyCount "101"]
[EventDate "2014.07.13"]
[EventType "swiss"]
[EventRounds "9"]
[EventCountry "VIE"]
[SourceTitle "EXT 2016"]
[Source "ChessBase"]
[SourceDate "2015.10.08"]
[SourceVersion "1"]
[SourceVersionDate "2015.10.08"]
[SourceQuality "1"]

1. e4 e5 2. Nf3 Nc6 3. Bb5 Nf6 4. d3 h6 5. 0-0 Bc5 6. Bxc6 dxc6 7. Nxe5 Bd4 8. Nf3 Bg4 9. Nbd2 0-0 10. c3 Bb6 11. Qc2 Re8 12. h3 Bh5 13. e5 Nh7 14. d4 Bg6 15. Qd1 c5 16. Nb3 cxd4 17. cxd4 Bh5 18. Be3 Ng5 19. Nbd2 Rxe5 20. dxe5 Nxf3+ 21. Nxf3 Qxd1 22. Raxd1 Bxf3 23. gxf3 Ba5 24. Bd2 Bb6 25. Bc3 Re8 26. Rd2 Re6 27. Kh2 c6 28. Rd6 Re7 29. Kg2 Bc7 30. Rd3 Re6 31. f4 Kh7 32. Rd7 Rg6+ 33. Kf3 Bb6 34. Rxb7 Kg8 35. b4 c5 36. b5 c4 37. a4 Re6 38. Bb4 Re8 39. Rd1 Rc8 40. Ke2 c3 41. Rc1 Rc4 42. Bxc3 Ba5 43. Kd2 Rd4+ 44. Kc2 Rc4 45. Kb2 Bb6 46. f5 Rxa4 47. e6 Bd4 48. exf7+ Kf8 49. Bxd4 Rxd4 50. Rc8+ Rd8 51. Rxd8# 1-0